[Event "COL Subzt 2.3.4 (Women)"]
[Site "Risarald"]
[Date "2021.11.28"]
[Round "9"]
[White "Hernandez Sandoval, Silvia Nathalia"]
[Black "Bastidas, Carina"]
[Result "1-0"]
[WhiteElo "1600"]
[BlackElo "1474"]
[PlyCount "39"]
[EventDate "2021.11.23"]
[EventType "swiss"]
[EventRounds "9"]
[EventCountry "COL"]
[SourceTitle "CBM 205 Extra"]
[Source "ChessBase"]
[SourceDate "2022.01.31"]
[SourceVersion "1"]
[SourceVersionDate "2022.01.31"]
[SourceQuality "1"]

1. e4 c5 2. Nf3 e6 3. d4 cxd4 4. Nxd4 a6 5. Nc3 Bb4 6. Bd2 Qc7 7. Bd3 Nf6 8. Qe2 d6 9. 0-0-0 Bc5 10. Nb3 Ba7 11. f4 Nbd7 12. g4 0-0 13. g5 Ne8 14. h4 d5 15. exd5 exd5 16. Nxd5 Qd6 17. Qe4 Qg6 18. Ne7+ Kh8 19. Nxg6+ fxg6 20. h5 1-0

[Event "COL-ch U08 Girls"]
[Site "Santander"]
[Date "2012.06.13"]
[Round "1"]
[White "Bastidas, Carina"]
[Black "Viveros, Clara Vanessa"]
[Result "0-1"]
[WhiteElo "1245"]
[BlackElo "1212"]
[PlyCount "84"]
[EventDate "2012.06.13"]
[EventType "tourn"]
[EventRounds "9"]
[EventCountry "COL"]
[SourceTitle "EXT 2014"]
[Source "ChessBase"]
[SourceDate "2013.11.20"]
[SourceVersion "1"]
[SourceVersionDate "2013.11.20"]
[SourceQuality "1"]

1. e4 e5 2. Bc4 Nf6 3. Nc3 Bb4 4. a3 Ba5 5. b4 Bb6 6. Nf3 Nc6 7. d3 d6 8. Be3 Bxe3 9. fxe3 Bg4 10. h3 Bxf3 11. gxf3 Nh5 12. Qb1 Qh4+ 13. Kd1 Qg3 14. Ne2 Qxf3 15. Qb3 Ng3 16. Re1 0-0 17. Rc1 Ne7 18. c3 Ng6 19. Kd2 Qf2 20. Kc2 Nxe2 21. Rcd1 Nd4+ 22. Kc1 Nxb3+ 23. Bxb3 c6 24. Rd2 Qxe1+ 25. Bd1 Qxe3 26. a4 Qxh3 27. a5 Nh4 28. c4 Ng2 29. Kc2 d5 30. cxd5 cxd5 31. exd5 Ne3+ 32. Kc3 Nxd1+ 33. Rxd1 Rac8+ 34. Kb3 Qg2 35. Ka4 Qa2+ 36. Kb5 Qxd5+ 37. Ka4 a6 38. Ka3 Rc3+ 39. Kb2 Qb3+ 40. Ka1 Qxd1+ 41. Kb2 Qd2+ 42. Kb1 Rc1# 0-1